书目信息 |
| 题名: |
BIM手册
|
|
| 作者: | 伊斯曼 著 ;耿跃云 , 尚晋 译 | |
| 分册: | ||
| 出版信息: | 北京 中国建筑工业出版社 2016 |
|
| 页数: | 14,461页 | |
| 开本: | 26cm | |
| 丛书名: | BIM经典译丛 | |
| 单 册: | ||
| 中图分类: | TU201.4-62 | |
| 科图分类: | ||
| 主题词: | 建筑设计--计算机辅助设计--应用软件--手册 | |
| 电子资源: | ||
| ISBN: | 978-7-112-19463-6 | |
| 000 | 02063nam0 2200361 450 | |
| 001 | 0100004278 | |
| 005 | 20190305100843.90 | |
| 010 | @a978-7-112-19463-6@b精装@dCNY99.00 | |
| 100 | @a20160913d2016 em y0chiy50 ea | |
| 101 | 1 | @achi@ceng |
| 102 | @aCN@b110000 | |
| 105 | @ay z 000yy | |
| 200 | 1 | @aBIM手册@ABIM shou ce@f(美)查克·伊斯曼[等]著@g耿跃云,尚晋等译 |
| 210 | @a北京@c中国建筑工业出版社@d2016 | |
| 215 | @a14,461页@d26cm | |
| 225 | 2 | @aBIM经典译丛 |
| 300 | @a适用于业主、项目经理、设计师、工程师和承包商的建筑信息模型指南 | |
| 304 | @a著者还有:(美)保罗·泰肖尔兹、(美)拉斐尔·萨克斯、(美)凯瑟琳·利斯顿 | |
| 305 | @a本书据原书第二版译出 | |
| 305 | @a本书经美国John Wiey & Sons,Inc.出版公司正式授权翻译、出版 | |
| 314 | @a查克·伊斯曼 (Chuck Eastman),是佐治亚理工学院建筑与计算学院教授,大学-行业联盟数字建筑实验室主任,现与多个行业群体合作开发BIM技术。 | |
| 314 | @a保罗·泰肖尔兹 (Paul Teicholz),是斯坦福大学荣誉教授。 | |
| 314 | @a拉斐尔·萨克斯 (Rafael Sacks),是以色列理工学院结构工程与施工管理专业副教授。他创立了以色列国家建筑研究学院的虚拟施工与BIM试验室并主持工作。 | |
| 314 | @a凯瑟琳·利斯顿 (Kathleen Liston),是模块施工公司Eco Offsite的CEO。她有斯坦福大学土木与环境工程硕士和博士学位、圣母大学建筑学学士学位。 | |
| 330 | @a本书是一本全面反映建筑信息模型技术、工具和流程的手册,由国际最有实力的BIM技术研发团队完成。本书用丰富的案例,针对业主、建筑师、工程师、承包商和分包商以及运营方,从原理到应用深入浅出地论述了应用建筑信息模型(即BIM)进行设计、施工和设施管理的新方法,解释了使用BIM进行设计、施工和运营维护与使用传统方法纸质或电子文档方式绘图所带来的效果上的不同,深度解析了BIM技术、相关产业和与之相关的组织问题,描述了有效使用BIM对于建筑全生命周期各参与方所带来的深远影响。 | |
| 410 | 0 | @12001 @aBIM经典译丛 |
| 606 | 0 | @a建筑设计@x计算机辅助设计@x应用软件@j手册 |
| 690 | @aTU201.4-62@v5 | |
| 701 | 0 | @c(美)@a伊斯曼@Ayi si man@c(Eastman, Chuck)@4著 |
| 702 | 0 | @a耿跃云@Ageng yue yun@4译 |
| 702 | 0 | @a尚晋@Ashang jin@4译 |
| 801 | 0 | @aCN@c20160515 |
| 905 | @a河南城建学院图书馆@dTU201.4-62@eY496 | |
| BIM手册/(美)查克·伊斯曼[等]著/耿跃云,尚晋等译.-北京:中国建筑工业出版社,2016 |
| 14,461页;26cm.-(BIM经典译丛) |
| 适用于业主、项目经理、设计师、工程师和承包商的建筑信息模型指南 |
| ISBN 978-7-112-19463-6(精装):CNY99.00 |
| 本书是一本全面反映建筑信息模型技术、工具和流程的手册,由国际最有实力的BIM技术研发团队完成。本书用丰富的案例,针对业主、建筑师、工程师、承包商和分包商以及运营方,从原理到应用深入浅出地论述了应用建筑信息模型(即BIM)进行设计、施工和设施管理的新方法,解释了使用BIM进行设计、施工和运营维护与使用传统方法纸质或电子文档方式绘图所带来的效果上的不同,深度解析了BIM技术、相关产业和与之相关的组织问题,描述了有效使用BIM对于建筑全生命周期各参与方所带来的深远影响。 |
| ● |
| 相关链接 |
|
|
|
正题名:BIM手册
索取号:TU201.4-62/Y496
 
预约/预借
| 序号 | 登录号 | 条形码 | 馆藏地/架位号 | 状态 | 备注 |
| 1 | 1288643 | 212886439 | 建筑库101/101建筑库 37排2列5层/ [索取号:TU201.4-62/Y496] | 在馆 | |
| 2 | 1288644 | 212886448 | 建筑库101/101建筑库 37排2列5层/ [索取号:TU201.4-62/Y496] | 在馆 | |
| 3 | 1288645 | 212886457 | 建筑库101/101建筑库 37排2列5层/ [索取号:TU201.4-62/Y496] | 在馆 | |
| 4 | 1304829 | 213048290 | 建筑库101/101建筑库 37排2列5层/ [索取号:TU201.4-62/Y496] | 在馆 |